| 000 | 01257cab a2200289 4500 | ||
|---|---|---|---|
| 001 | WB2842-02 | ||
| 008 | 090401t1992 xxu||||| |||| 00| 0 eng d | ||
| 035 | _a(Sirsi) u49113 | ||
| 041 | _aeng | ||
| 245 | _aCry for help from the building industry | ||
| 260 | _c1992 | ||
| 350 | _a0 | ||
| 490 |
_aGuardian _v28 October 1992, 12 |
||
| 490 |
_aTimes _v28 October 1992, 21(1) |
||
| 520 | _aThe Construction Industry Employers Council and the Construction Industry Council representing builders, materials producers, civil engineers, architects, surveyors and planners have sent an open letter to the Chancellor of the Exchequer urging him to take urgent measures to help their industry in his Autumn Statement. These include temporary tax incentives to help first time buyers allowing local authorities to release capital receipts for social housing programmes and the abolition of stamp duty. | ||
| 650 | _aAUTUMN STATEMENT | ||
| 650 | _aCONSTRUCTION INDUSTRY COUNCIL | ||
| 650 | _aCONSTRUCTION INDUSTRY EMPLOYMENT COUNCIL | ||
| 650 | _aECONOMIC SLUMP | ||
| 650 | _aFIRST TIME BUYERS | ||
| 650 | _aSOCIAL HOUSING | ||
| 650 | _aSTAMP DUTY | ||
| 650 | _aTAX INCENTIVES | ||
| 690 | _aBUILT ENVIRONMENT | ||
| 942 | _n0 | ||
| 948 | _c04/03/1997 | ||
| 999 |
_c30755 _d30755 |
||